Универсальная малогабаритная установка для нагружения образцов; Техническая диагностика и неразрушающий контроль; № 1

Bibliografski detalji
Parent link:Техническая диагностика и неразрушающий контроль: научно-технический и производственный журнал/ Национальная академия наук Украины (НАНУ), Институт электросварки им. Е. О. Патона (ИЭС) ; Международная ассоциация "Сварка".— , 1990-1993, 2001-.— 0235-3474
№ 1.— 2002.— С. 18-21
Glavni autor: Скальский В. Р.
Daljnji autori: Ковчик С. Е.
Jezik:ruski
Izdano: 2002
Serija:Техническая диагностика
Teme:
Format: MixedMaterials Poglavlje knjige
KOHA link:https://koha.lib.tpu.ru/cgi-bin/koha/opac-detail.pl?biblionumber=381595

MARC

LEADER 00000naa2a2200000 4500
001 381595
005 20231101062839.0
035 |a (RuTPU)RU\TPU\prd\4375 
090 |a 381595 
100 |a 20020603a2002 k y0rusy50 ca 
101 0 |a rus 
102 |a RU 
200 1 |a Универсальная малогабаритная установка для нагружения образцов  |f В. Р. Скальский, С. Е. Ковчик 
225 1 |a Техническая диагностика 
320 |a Библиогр.: 20 назв. 
461 1 |0 (RuTPU)RU\TPU\prd\1736  |x 0235-3474  |t Техническая диагностика и неразрушающий контроль  |o научно-технический и производственный журнал  |f Национальная академия наук Украины (НАНУ), Институт электросварки им. Е. О. Патона (ИЭС) ; Международная ассоциация "Сварка"  |d 1990-1993, 2001- 
463 1 |0 (RuTPU)RU\TPU\prd\3614  |t № 1  |v С. 18-21  |d 2002 
610 1 |a установки 
610 1 |a лабораторные исследования 
610 1 |a статистическая трещиностойкость 
610 1 |a материалы 
610 1 |a акустическая эмиссия 
610 1 |a использование 
610 1 |a производственные условия 
610 1 |a нагружающие устройства 
610 1 |a трещиностойкость 
675 |a 539.375:620.179.16  |v 3 
700 1 |a Скальский  |b В. Р. 
701 1 |a Ковчик  |b С. Е. 
801 1 |a RU  |b 63413507  |c 20020603  |g PSBO 
801 2 |a RU  |b 63413507  |c 20140128  |g PSBO 
942 |c BK